000 00226 a2200109 4500
020 _a9788426420626
041 _aspa
100 _aKate Atkinson
245 _aMe desperte temprano y saque al Perro
942 _cBK
952 _71
999 _c24494
_d24494